| 000 | 00473nam a2200181Ia 4500 | ||
|---|---|---|---|
| 001 | 16717 | ||
| 005 | 20260306170331.0 | ||
| 008 | 260306t2008||||xx |||||||||||||| ||und|| | ||
| 041 | _aESP | ||
| 082 |
_a349.7 _bH41B |
||
| 100 |
_aHervada, Javier _eAUT |
||
| 245 | 0 |
_aEl ordenamiento canónico: _baspectos centrales de la construcción del concepto |
|
| 260 | _c2008 | ||
| 300 |
_a209 páginas : _c24 cm. |
||
| 650 | _aGEN | ||
| 654 | _aCDE | ||
| 942 |
_cLIB _dJUS _fJUS _2ddc _n |
||
| 999 |
_c16717 _d16717 |
||